तटबंदी / (Record no. 68752)

MARC details
000 -LEADER
fixed length control field 01209nam a22002417a 4500
005 - DATE AND TIME OF LATEST TRANSACTION
control field 20120614170415.0
008 - FIXED-LENGTH DATA ELEMENTS--GENERAL INFORMATION
fixed length control field 081007t xxu||||| |||| 00| 0 mar d
010 ## - LCCN (DPL NO)
LC control number MAR-22358
020 ## - INTERNATIONAL STANDARD BOOK NUMBER
Terms of availability 175.00
International Standard Book Number 9788174869920
035 ## - SYSTEM CONTROL NUMBER
System control number MR-15016
037 ## - SOURCE OF ACQUISITION
Source of stock number/acquisition D.B.Act /pub
082 ## - DEWEY DECIMAL CLASSIFICATION NUMBER
Classification number 891.463
100 ## - MAIN ENTRY--PERSONAL NAME
9 (RLIN) 49115
Personal name डेव्हिड, एस्थर
245 ## - TITLE STATEMENT
Title तटबंदी /
Statement of responsibility, etc एस्थर डेव्हिड ; गौरी देशपांडे [तथा] अंबिका सरकार द्वारा अनुवादित
246 ## - VARYING FORM OF TITLE
Remainder of title by Esther David
Title proper/short title Tatbandi
260 ## - PUBLICATION, DISTRIBUTION, ETC. (IMPRINT)
Place of publication, distribution, etc मुंबई
Name of publisher, distributor, etc मौज प्रकाशन गृह
Date of publication, distribution, etc 2012
270 ## - ADDRESS
City मुंबई
Address खटाववाडी, गिरगाव,
Postal code 400004
300 ## - PHYSICAL DESCRIPTION
Extent 159पृ.
Dimensions 22 सेमी(अजिल्द)
700 ## - ADDED ENTRY--PERSONAL NAME
Personal name देशपांडे, गौरी
9 (RLIN) 50533
700 ## - ADDED ENTRY--PERSONAL NAME
Personal name सरकार, अंबिका
9 (RLIN) 50534
942 ## - ADDED ENTRY ELEMENTS (KOHA)
Source of classification or shelving scheme Dewey Decimal Classification
Item type Marathi Books
Call number suffix डेव्हिड
Classification part 891.463
Holdings
Withdrawn status Lost status Source of classification or shelving scheme Damaged status Not for loan Collection code Home library Current library Date acquired Source of acquisition Cost, normal purchase price Total Checkouts Full call number Barcode Date last seen Copy number Cost, replacement price Koha item type
    Dewey Decimal Classification   Not For Loan Fiction D.B.Act.Division D.B.Act.Division 27/07/2012 DBAD / PUB 175.00   891.463 डेव्हिड MR-15016 27/07/2012 1 175.00 Marathi Books

© Delhi Public Library
Hit Counter
free hit counter